Estadísticas para Huesos de la cara

Haz click aquí para intentar la prueba.

Estadísticas generales

  • Esta prueba ha sido intentada 12 veces
  • La puntuación promedio es 5 de 8

Estadísticas de respuestas

Mamá mala y un pavo con narizHueso de la cara% Correcto
Maxilar inferior
100%
MaMaxilar superior
92%
narizHueso nasal
58%
voVómer
58%
paPalatino
50%
y unUnguis
50%
malaMalar
42%
conCornete nasal
33%

Distribución de puntuación

Porcentaje por número respondido

Porcentaje de gente con cada puntuación

Historial de tus puntuaciones

No has intentado esta prueba.